000 00707nam a22002417a 4500
005 20260313125528.0
008 250508b |||||||| |||| 00| 0 eng d
037 _cTB
040 _aLCT
_cLCT
041 _2eng
_aeng
_heng
084 _aV2:2:(Z) N7;Q5
100 _aNarender Kumar
245 _aConstitutional Law of India/
250 _a9th ed.
260 _aPrayagraj (Allahabad), India:
_bAllahabad Law Agency,
_c2015
300 _aCix, 1160p.
650 _2Law
650 _aConstitutional Law
650 _aIndian Constitution
_9693624
650 _aFundamental Rights
650 _aDirective Principles
_9762216
942 _2CC
_cTB
_hV2:2:(Z) N7;Q5
_n0
999 _c1355092
_d1355092